000 00297nam a2200121Ia 4500
008 170620s9999 xx 000 0 und d
100 _aMAHAJAN - NEELAM
245 0 _aDRUG STORE & BUSINESS MANAGEMENT
260 _bBIRLA
260 _c2006
300 _a283
546 _aEnglish
690 _aDRUG STORE & BUSINESS MANAGEMENT
999 _c31005
_d31005